| 000 | 00528nam a22001817a 4500 | ||
|---|---|---|---|
| 005 | 20251103113624.0 | ||
| 008 | 251103b |||||||| |||| 00| 0 eng d | ||
| 040 | _aMAIN | ||
| 082 |
_a796.01 _bD612S |
||
| 100 | _aDinesh Kumar | ||
| 245 | _aStudy on explosive strength in relation to intelligence level of sportsperson | ||
| 260 |
_bDepartment of Physical Education, M D University, Rohtak _c2024 |
||
| 300 | _axi, 158 | ||
| 650 | _aPhysical Education | ||
| 650 | _aSportsperson | ||
| 700 | _aKultaj Singh | ||
| 942 | _cTH | ||
| 999 |
_c393797 _d393797 |
||